000 00473nam a2200217 454500
001 038399
003 BD-ChCU
008 Eng
020 _aX
040 _aDLC
_cDLC
_dBD-ChCU
082 0 0 _a543.0893/D746
100 1 _aX
_bX
245 1 0 _aDowex
_bION Exchange
250 _aX
260 _aMichigan
_bDow Chemical Company
_c1959
300 _aVIII, 77
504 _aX
650 0 _aChemical Reactions
_bChemical Reactions
700 1 _aX
942 _2ddc
_cBK
999 _c38399
_d38399